00602nam a22001697a 450000500170000001000130001702000260003003500110005603700180006708200100008510000390009524500840013424600670021826000500028527000740033530000230040920220131102117.0 aUR-11416 c350.00a9789390789030 aU-9971 bDBAD/PUBadpl a840.8 aا سر ا ر ا لحق سبيلی aا د ب ا طفا ل کے چند گو شےcا سر ا ر ا لحق سبيلی bAdab -e-Atfal Ke Chand Goshe (Urdu)aby Asrarul Haque Sabeeli  aDelhi bEducational Publishing Housec2021 ء a3191,Vakil Street,Kucha Pandit,Lal Kuan,bDelhi e110006k23216162l- a320 ص c22 Cm(Hb)